A nova aventura dos cinco (Registo nº 263)

Detalhes MARC
000 -Etiqueta do registo
Cabeçalho 00705nam0a2200241 4500
005 - Identificador da versão
Campo de controlo 20240813121758.0
010 ## - Número internacional normalizado dos livros (ISBN)
Número (ISBN) 9726115906
021 ## - Número do Depósito Legal
Código do país PT
Número M-6.229
100 ## - Dados gerais de processamento
Dados gerais de processamento 20160608d2000 a e0pory5003 ba
102 ## - Pais de publicação ou produção
País de publicação Portugal
101 1# - Língua de publicação
Língua do texto, banda sonora, etc. Português
Língua do documento no original Inglês
215 ## - Descrição física 
Indicação específica da natureza do documento e extensão da espécie 144 p
200 1# - Titulo e menção de responsabilidade
Título próprio A nova aventura dos cinco
Primeira menção de responsabilidade Enid Blyton
225 2# - Colecção 
Título próprio da colecção Mistério e aventura
Indicação de volume 2
210 ## - Publicação, Distribuição, etc. 
Lugar da edição, distribuição, etc. Linda-a-Velha
Nome do editor, distribuidor, etc. Abril / Controljornal Editora
Data da publicação, distribuição, etc. [2000?]
Data da impressão imp. 2000
606 ## - Nome comum usado como assunto
Número de registo de entrada de autoridade 0002043
Palavra de ordem Literatura inglesa
Subdivisão de assunto Romances de aventuras
Código do sistema CA
675 ## - Classificação Decimal Universal (CDU)
Notação 821.111-311.3
Edição 3ª ed.
Língua da edição por
700 #1 - Nome de autor-pessoa física (responsabilidade principal)
Número de registo de entrada de autoridade 0001735
Palavra de ordem Blyton
Outra parte do nome não tomada para palavra de ordem Enid
Datas 1897-1968
966 ## - Identificação da Biblioteca
Sigla EB2,3ENM
942 ## - Elementos de entrada adicionados (Koha)
Tipo de item no Koha Livro
Exemplares
Situação do levantamento Origin of item (home branch) (coded) Biblioteca de empréstimo Código de barras Cota Data de devolução Circulation type (not for loan) Tipo de documento Nota do exemplar Damaged status
  Biblioteca Escolar Eng. Nuno Mergulhão Biblioteca Escolar Eng. Nuno Mergulhão BENM344 82LE-3 BLY     Livro Sem mensagem